Score 0/10 Timer 04:00
2 Plays Today
% Correct
First World War (1914-18)
90.9%
Korean War (1950-53)
87%
Gulf War (1990-91)
85.9%
Suez Crisis (1956)
80.6%
Crimean War (1853-56)
77.4%
Second Crusade (1147-49)
73.3%
Boxer Rebellion (1899-1901)
72.7%
Second Opium War (1856-60)
70.6%
War of the Quadruple Alliance (1717-20)
40.4%
War of the Portuguese Succession (1580-83)
37.4%
Remove Ads.
Support Sporcle.
Get the best of Sporcle when you Go Orange. This ad-free experience offers more features, more stats, and more fun while also helping to support Sporcle. Thank you for becoming a member.

You're not logged in!

Compare scores with friends on all Sporcle quizzes.
OR
Log In

Show Comments

Extras

Top Quizzes Today


Score Distribution

Your Account Isn't Verified!

In order to create a playlist on Sporcle, you need to verify the email address you used during registration. Go to your Sporcle Settings to finish the process.

Report this User

Report this user for behavior that violates our Community Guidelines.

Details: